| 000 | 00395nam a22001217a 4500 | ||
|---|---|---|---|
| 082 | _aPRO 220 | ||
| 100 |
_aGC FAIZAN IJAZ NS MOEED SULTAN KUNDI NS MUHAMMAD ALI KHAN NS TAHA HAFEEZ CHAUDHRY _970849 |
||
| 245 | _aPR-SOF-1544-Traffic Monitoring System | ||
| 260 |
_aISLAMABAD _bNUST COLLEGE OF EME _c2016 |
||
| 650 |
_aDE-COMP-34 _970850 |
||
| 700 | _aSUPERVISOR DR. Shoab Ahmed Khan | ||
| 942 | _cCR | ||
| 999 |
_c577685 _d577685 |
||